Bên lề khoa học
Tập hợp những bài viết bàn về những tệ nạn trong nghiên cứu khoa học nói chung, những bất cập trong nghiên cứu và giáo dục tại Việt Nam nói riêng. Giới thiệu những ghi chép về khoa học, ngôn ngữ, đặc trưng văn hóa, lịch sử vùng miền để...
Αποθηκεύτηκε σε:
| Κύριος συγγραφέας: | |
|---|---|
| Μορφή: | Βιβλίο |
| Γλώσσα: | Undetermined |
| Έκδοση: |
Thành phố Hồ Chí Minh
Tổng hợp Thành phố Hồ Chí Minh
2019
|
| Θέματα: | |
| Ετικέτες: |
Προσθήκη ετικέτας
Δεν υπάρχουν, Καταχωρήστε ετικέτα πρώτοι!
|
| Thư viện lưu trữ: | Trung tâm Học liệu Trường Đại học Cần Thơ |
|---|
| LEADER | 01050nam a2200217Ia 4500 | ||
|---|---|---|---|
| 001 | CTU_232844 | ||
| 008 | 210402s9999 xx 000 0 und d | ||
| 020 | |c 155000 | ||
| 082 | |a 500 | ||
| 082 | |b T121 | ||
| 100 | |a Trương, Văn Tân | ||
| 245 | 0 | |a Bên lề khoa học | |
| 245 | 0 | |c Trương Văn Tân | |
| 260 | |a Thành phố Hồ Chí Minh | ||
| 260 | |b Tổng hợp Thành phố Hồ Chí Minh | ||
| 260 | |c 2019 | ||
| 520 | |a Tập hợp những bài viết bàn về những tệ nạn trong nghiên cứu khoa học nói chung, những bất cập trong nghiên cứu và giáo dục tại Việt Nam nói riêng. Giới thiệu những ghi chép về khoa học, ngôn ngữ, đặc trưng văn hóa, lịch sử vùng miền để lại dấu ấn sâu đậm trong tâm trí của tác giả | ||
| 650 | |a Khoa học,Sciences | ||
| 904 | |i Tuyến | ||
| 910 | |a Tuyến | ||
| 980 | |a Trung tâm Học liệu Trường Đại học Cần Thơ | ||